| 000 | 00846nam a22002177a 4500 | ||
|---|---|---|---|
| 999 |
_c9506 _d9506 |
||
| 003 | AR-CdUCM | ||
| 008 | 190328b ||||| |||| 00| 0 spa d | ||
| 040 |
_aMUNICIPALIDAD PROVINCIAL DEL CUSCO _cBIBLIOTECA MUNICIPAL DEL CUSCO |
||
| 082 |
_aC / 341.91 / _bG22 |
||
| 100 |
_aGarcía, Deán Mariano N. _925749 |
||
| 245 |
_aDefensa : _bcontra las calumnias y hostilidades de que ha sido víctima / |
||
| 260 |
_aCuzco : _bTip. América, _c1945. |
||
| 300 |
_aXI, 304 páginas ; _bhojas plegables, _c21 cm. |
||
| 505 | _aContenido: Señalando una causa -- Al sol que nace -- Tempestad en un vaso de agua -- Una carta -- Mi exposición -- Denunciando varios desordenes ... | ||
| 650 |
_aPerú _935 |
||
| 650 |
_aDifamacion y calumnia _925750 |
||
| 650 |
_aJurisprudencia _9927 |
||
| 650 |
_aDocumentos _97186 |
||
| 942 |
_2ddc _cLIBROS |
||
| 945 | _aachl | ||